000 00833nam a2200229 a 4500
003 CBULib
005 20250514132856.0
008 091204s1991 ||||||||||||||||| || u
040 _aCBULib
_bEnglish
_cCBULib
_dCBULib
_erda
050 _aPAPERS/STAFF/CHI/1999
100 _aChilipamushi, David
245 1 0 _aRevising the role of the State in a liberalising economy: the case of Zambia
260 _aKitwe
_bCopperbelt University, School of Business
_c1991
300 _a122pages
336 _2rdacontent
_aText |
_btxt
337 _2rdamedia
_aUnmediated |
_bn
338 _2rdacarrier
_aVolume
_bnc
500 _aThe same Document includes other paper presentations by the same Author.
650 0 _aPRIVATIZATION--ZAMBIA
_94582
942 _2mc
_c023
999 _c56510
_d56510